Los hombres son de Marte, las mujeres son de Venus / (Registro nro. 6925)

Detalles MARC
000 -LEADER
fixed length control field 02160nam a22002657a 4500
003 - CONTROL NUMBER IDENTIFIER
control field OSt
005 - DATE AND TIME OF LATEST TRANSACTION
control field 20201015132044.0
008 - FIXED-LENGTH DATA ELEMENTS--GENERAL INFORMATION
fixed length control field 201015t1995 mx ||||er|||| 00| 0 spa d
020 ## - INTERNATIONAL STANDARD BOOK NUMBER
International Standard Book Number 9686321487
040 ## - CATALOGING SOURCE
Original cataloging agency CO-JMCR
Transcribing agency CO-JMCR
041 1# - LANGUAGE CODE
Language code of text/sound track or separate title spa
Language code of original eng
082 04 - DEWEY DECIMAL CLASSIFICATION NUMBER
Classification number 306.87 /
Item number G778h
Edition number 23
100 1# - MAIN ENTRY--PERSONAL NAME
Personal name Gray, John,
Relator term autor
9 (RLIN) 11581
245 14 - TITLE STATEMENT
Title Los hombres son de Marte, las mujeres son de Venus /
Statement of responsibility, etc. John Gray ; traducción Alejandro Tiscornia ; editor Rogelio Carvajal Dávila
260 ## - PUBLICATION, DISTRIBUTION, ETC.
Place of publication, distribution, etc. México :
Name of publisher, distributor, etc. Océano,
Date of publication, distribution, etc. 1995
300 ## - PHYSICAL DESCRIPTION
Extent 324 páginas ;
Dimensions 21 cm.
500 ## - GENERAL NOTE
General note Título original: Men are from mars, women are from venus
505 0# - FORMATTED CONTENTS NOTE
Formatted contents note Los hombres son de Marte, las mujeres son de Venus -- El señor "arréglalo-todo" y la Comisión del mejoramiento del hogar -- Los hombres se meten en sus cuevas y las mujeres hablan -- Cómo estimular al sexo opuesto -- Hablar diferentes idiomas -- Los hombres son como bandas elásticas -- Las mujeres son como olas -- El descubrimiento de nuestras necesidades emocionales -- Cómo evitar las discusiones -- Marcar puntos con el sexo opuesto -- Cómo comunicar los sentimientos difíciles -- Cómo pedir apoyo y cómo obtenerlo -- Cómo mantener viva la magia del amor
520 3# - SUMMARY, ETC.
Summary, etc. Esto no es otro libro más de autosuperación y relaciones humanas, John Gray, como pocos, ha dado en el clavo; al fin, una guía inteligente y soluciones originales en un trabajo sencillo, ingenioso y verdaderamente útil que es una genuina contribución a la comprensión cabal de los modos diversos de comunicación entre hombres y mujeres y sus encontradas necesidades emocionales.<br/>Lo hombres son de Marte, las mujeres son de Venus es uno de esos cada vez más raros libros que tanto aprecia un lector agradecido: un libro de los que dejan huella indeleble por que quien los lee acaba siendo y se siente diferente; digamos: nada se percibe de la misma manera después de la lectura.
546 ## - LANGUAGE NOTE
Language note Traducido del inglés
650 14 - SUBJECT ADDED ENTRY--TOPICAL TERM
Source of heading or term Relaciones de pareja
General subdivision aspectos psicológicos
9 (RLIN) 1594
700 1# - ADDED ENTRY--PERSONAL NAME
Personal name Tiscornia, Alejandro,
Relator term traductor
9 (RLIN) 11582
700 1# - ADDED ENTRY--PERSONAL NAME
Personal name Carvajal Dávila, Rogelio,
Relator term editor
9 (RLIN) 11583
942 ## - ADDED ENTRY ELEMENTS (KOHA)
Source of classification or shelving scheme Dewey Decimal Classification
Koha item type Books
Existencias
Withdrawn status Lost status Source of classification or shelving scheme Damaged status Not for loan Collection code Home library Current library Date acquired Source of acquisition Total Checkouts Total Renewals Full call number Barcode Date last seen Date last checked out Copy number Price effective from Koha item type
    Dewey Decimal Classification     Non-fiction Biblioteca Pública José María del Castillo y Rada Biblioteca Pública José María del Castillo y Rada 10/02/2020 Donación 4 3 306.87 / G778h 201810072 06/27/2025 06/09/2025 Ej.1 10/15/2020 Books